| 000 | 00448nam a22001217a 4500 | ||
|---|---|---|---|
| 999 |
_c21675 _d21675 |
||
| 008 | 240916b ||||| |||| 00| 0 eng d | ||
| 100 |
_aVentura, Elmer Z. _eauthor. _961110 |
||
| 245 |
_aArts program : _bfelt in k-12 classrooms / _cElmer Z. Ventura. |
||
| 260 |
_aPhilippines; _bPublishers Association of the Philippines, Inc., _cFebruary 2018. |
||
| 300 | _aVolume 66, pages 338. | ||
| 700 |
_aVentura, Elmer Z. _eauthor. _961110 |
||
| 942 |
_2ddc _cPER |
||